Ways of seeing / (Record no. 29717)

MARC details
000 -LEADER
fixed length control field 00967nam a22003137a 4500
003 - CONTROL NUMBER IDENTIFIER
control field EG-ScBUE
005 - DATE AND TIME OF LATEST TRANSACTION
control field 20211216141227.0
008 - FIXED-LENGTH DATA ELEMENTS--GENERAL INFORMATION
fixed length control field 200219s2008 enk f 000 0 eng d
020 ## - INTERNATIONAL STANDARD BOOK NUMBER
International Standard Book Number 9780141035796
040 ## - CATALOGING SOURCE
Original cataloging agency EG-ScBUE
Language of cataloging eng
Description conventions rda
Transcribing agency EG-ScBUE
Modifying agency EG-ScBUE
082 04 - DEWEY DECIMAL CLASSIFICATION NUMBER
Classification number 701.15
Item number BER
Edition number 22
100 1# - MAIN ENTRY--PERSONAL NAME
Personal name Berger, John,
Relator term author.
245 10 - TITLE STATEMENT
Title Ways of seeing /
Statement of responsibility, etc John Berger.
264 #1 - PUBLICATION, DISTRIBUTION, ETC. (IMPRINT)
Place of publication, distribution, etc London :
Name of publisher, distributor, etc Penguin Books,
Date of publication, distribution, etc 2008.
300 ## - PHYSICAL DESCRIPTION
Extent 176 pages ;
Dimensions 18 cm.
336 ## - CONTENT TYPE
Content type term text
Source rdacontent
Content type code txt
337 ## - MEDIA TYPE
Media type term unmediated
Source rdamedia
Media type code n
338 ## - CARRIER TYPE
Carrier type term volume
Source rdacarrier
Carrier type code nc
490 0# - SERIES STATEMENT
Series statement Penguin on design
500 ## - GENERAL NOTE
General note Originally published: London: BBC/Penguin, 1972.
500 ## - GENERAL NOTE
General note Formerly CIP.
Institution to which field applies Uk
650 #7 - SUBJECT ADDED ENTRY--TOPICAL TERM
Topical term or geographic name as entry element Visual perception.
Source of heading or term BUEsh
650 #7 - SUBJECT ADDED ENTRY--TOPICAL TERM
Topical term or geographic name as entry element Art
General subdivision Philosophy.
Source of heading or term BUEsh
650 #7 - SUBJECT ADDED ENTRY--TOPICAL TERM
Topical term or geographic name as entry element Art
General subdivision Psychology.
Source of heading or term BUEsh
653 ## - INDEX TERM--UNCONTROLLED
Resource For college Arts and Design
Arrived date list December2021
655 ## - INDEX TERM--GENRE/FORM
Form subdivision Reading book
9 (RLIN) 34232
942 ## - ADDED ENTRY ELEMENTS (KOHA)
Source of classification or shelving scheme Dewey Decimal Classification
Koha item type Book - Borrowing
Holdings
Withdrawn status Lost status Source of classification or shelving scheme Damaged status Not for loan Collection code Home library Current library Shelving location Date acquired Source of acquisition Cost, normal purchase price Serial Enumeration / chronology Total Checkouts Total Renewals Full call number Barcode Checked out Date last seen Date checked out Cost, replacement price Price effective from Koha item type
    Dewey Decimal Classification     Baccah Central Library Central Library Second Floor 16/12/2021 Purchase 220.00 36272 5 25 701.15 BER 000056044 17/05/2026 17/09/2025 17/09/2025 275.00 16/12/2021 Book - Borrowing
    Dewey Decimal Classification     Baccah Central Library Central Library Second Floor 05/05/2026 Purchase 522.00 40254     701.15 BER 000057638   05/05/2026   652.50 05/05/2026 Book - Borrowing